000 00898nam a2200265Ia 4500
999 _c53706
_d53706
001 20754
003 GE_BSU
005 20221108165949.0
008 181216s2016||||ge |||||||||||||| ||geo||
020 _a9781472596314x
040 _cGE_BSU
041 _ageo
080 _a327.2 S-99
100 _aSzabo, Stephen F.
_910787
245 _aGermany, Russia, and the Rise of Geo-Economics /
_cStephen F. Szabo.
264 _aLondon :
_bBloomsbury Publishing,
_c2016.
300 _a187 p. ;
_e24 cm.
501 _aIndex. : p.181-187
504 _aBibl. : p.147-180
541 _h80 Gel.
653 _aGermany, Russia, and the Rise of Geo-Economics
653 _aГермания, Россия, и рост геоэкономики
653 _aგერმანია, რუსეთი და გეოეკონომიკის განვითარება
942 _cBK
_2udc